[Event "79th Noteboom 2019"]
[Site "Leiden"]
[Date "2019.02.24"]
[Round "5.3"]
[White "Kaufeld, Juergen"]
[Black "Schoppen, Casper"]
[Result "0-1"]
[WhiteElo "2213"]
[BlackElo "2463"]
[Annotator "TA"]
[PlyCount "122"]
[EventDate "2019.02.22"]
[EventType "swiss"]
[EventCountry "NED"]
[SourceTitle "playchess.com"]
[Source "ChessBase"]
[SourceQuality "1"]

{[%evp 15,122,15,17,10,13,12,14,12,16,14,15,0,0,0,0,0,0,0,0,0,12,0,0,0,0,0,0,4,4,0,2,0,-3,-3,-3,-10,-15,-10,-3,-25,-25,-40,-18,-52,-43,-48,-22,-95,0,-17,0,0,7,7,14,0,15,0,14,0,0,0,0,32,0,0,0,0,0,-8,-8,-8,-8,-8,-8,-8,-8,-13,-13,-13,-13,-31,0,-43,0,-45,-45,-45,-45,-45,-45,-45,-45,-45,-45,-45,-45,-45,-45,-49,-45,-50,-49,-50,-50,-101,-88,-1516,-1513]} 1. Nf3 Nf6 2. d4 d5 3. c4 e6 4. g3 Be7 5. Bg2 O-O 6. O-O dxc4 7. Qc2 a6 8. a4 Bd7 9. Bg5 {E05: Open Catalan: 5 Nf3 Be7} Bc6 10. Rd1 a5 11. Nbd2 {The position is equal.} Na6 12. Nxc4 Nb4 13. Qb3 Bd5 14. Nfe5 c6 15. Bxf6 Bxf6 {[#]} 16. e4 $146 ({Predecessor:} 16. Ng4 Bxc4 17. Qxc4 {½-½ (45) Erdos,V (2622)-Kovacs,G (2463) Hungary 2017}) 16... Bxc4 17. Qxc4 Qc7 (17... g6 {feels hotter.} 18. Rac1 h5 19. Qe2 h4 20. Nf3 hxg3 21. hxg3 Kg7) 18. Nd3 Nxd3 19. Rxd3 Qb6 20. b3 Rfd8 {[%cal Rd8d4]} 21. Rad1 Rac8 {[%cal Ba8c8,Bc8c7,Bc7d7][%mdl 32]} 22. h4 Rc7 23. Kh2 Rcd7 {[%cal Rd7d4]} 24. e5 Be7 25. Bh3 Ba3 26. R1d2 Qb4 27. f4 g6 28. h5 Kg7 29. Bg2 gxh5 30. Be4 {[#]} h4 $1 {[%mdl 512]} 31. f5 {[#]} (31. gxh4 $11 Qe7 32. Kh3) 31... hxg3+ (31... Qxc4 $1 $17 32. bxc4 Bc1) 32. Kxg3 exf5 33. Bxf5 Re7 34. Kf3 Rg8 35. Rg2+ Kh8 36. Qc2 Rxg2 37. Qxg2 {Hoping for Ke2.} Qe1 38. Qh2 {[%csl Gf5][%cal Rh2h7]} f6 $1 39. exf6 Rf7 $1 40. Qh5 Qf1+ 41. Kg4 Qg1+ 42. Kf3 $132 {[%mdl 2048] White is not keeping still} Qg8 43. Qh4 Qd8 44. Re3 Qd5+ 45. Qe4 Qxe4+ 46. Rxe4 Rxf6 $11 {[%mdl 4096] Endgame KRB-KRB} 47. Re8+ Kg7 48. Ke4 h5 49. Rd8 Kh6 50. d5 cxd5+ 51. Rxd5 Bb4 52. Rd7 b6 53. Kf4 {[%csl Gf5][%cal Rd7h7]} Bd6+ 54. Ke4 Bg3 55. Rh7+ Kg5 56. Rg7+ Kh4 57. Rg8 Rf7 58. Rg6 Bf2 59. Rg2 Bg3 60. Rc2 (60. Rd2 $15) 60... Kg5 $17 61. Rc6 $2 {[%mdl 8192]} (61. Bh3 $17) 61... Rxf5 {Accuracy: White = 46%, Black = 70%.} 0-1

[Event "79th Noteboom 2019"]
[Site "Leiden"]
[Date "2019.02.24"]
[Round "5.4"]
[White "Bekker, Stefan"]
[Black "Wiersma, Eelke"]
[Result "1-0"]
[WhiteElo "2257"]
[BlackElo "2338"]
[Annotator "TA"]
[PlyCount "129"]
[EventDate "2019.02.22"]
[EventType "swiss"]
[EventCountry "NED"]
[SourceTitle "playchess.com"]
[Source "ChessBase"]
[SourceQuality "1"]

{[%evp 15,129,20,33,-3,14,6,31,0,13,2,18,0,0,0,16,0,0,7,14,0,0,-11,-11,-11,-16,-15,-9,-8,-8,-7,-4,-16,-6,-47,0,0,9,9,26,0,109,14,10,0,0,0,14,17,0,0,5,2,5,0,29,4,0,-29,0,-8,0,0,41,37,32,16,47,-3,6,3,3,3,48,22,34,39,160,153,479,493,458,428,594,237,208,205,201,21,1087,718,1964,505,29972,29960,29959,29958,12842,194,194,39,29973,29974,29974,29973,29969,29972,29971,29973,29969,29973,29973,29974,29977,29977,29979,29980]} 1. e4 d6 2. d4 Nf6 3. Nc3 e5 4. Nf3 Nbd7 5. Bc4 Be7 6. O-O Nb6 {C41: Philidor Defence} 7. Be2 exd4 8. Nxd4 O-O {LiveBook: 132 Games. The position is equal.} 9. Kh1 $146 ({Predecessor:} 9. Bf4) 9... d5 10. e5 Ne8 11. f4 c5 12. Nb3 g6 13. Bf3 Be6 14. a4 {a5 is the strong threat.} a5 15. Qe1 Qd7 16. Qf2 d4 17. Ne4 Nxa4 18. Rxa4 (18. Re1 {feels hotter.} Bxb3 19. cxb3 Nb6 20. g4 f5 21. gxf5 Qxf5 22. Ng3) 18... Qxa4 19. Nexc5 Bxc5 20. Nxc5 Qc4 21. Nxe6 fxe6 22. Bxb7 Rd8 23. Be4 a4 24. Bd3 Qb4 25. h4 Ng7 26. g4 $1 Rd7 27. Qg2 Kh8 {[#]} (27... Qe7 $11) 28. Kh2 (28. h5 $1 $16) 28... Qb7 $11 29. Be4 Qb4 30. Kh3 Rdf7 31. Bd3 Qb7 32. Be4 Qb4 33. Qe2 Qc5 34. Rf3 Qb4 35. Bd3 Qb7 36. Qe4 Rb8 37. Kg3 (37. Rg3 {is more complex.} Qxe4 38. Bxe4 Ra7 39. Ra3 h5 40. Bxg6 hxg4+ 41. Kxg4 Nf5 42. Kg5) 37... Qxe4 (37... Rc7 {with more complications.} 38. Qxb7 Rbxb7 39. Be4 Rb4 40. Ra3 h5) 38. Bxe4 Rc7 39. Ra3 {[%mdl 1024] White has compensation.} Rc4 40. Bd3 Rcb4 41. Kf3 Kg8 42. Bd2 Rxb2 43. Rxa4 Rd8 44. Bb4 h5 45. Bxg6 {aiming for Bc5.} hxg4+ (45... Rb1 $1 $14) 46. Kxg4 $16 Nf5 $2 (46... Rc8 $16 47. Be1 Rf8) 47. Bxf5 $18 exf5+ 48. Kxf5 Rxc2 {[%mdl 4096] Endgame White must now prevent ...Rc4. KRR-KRB} 49. Bd6 $2 (49. Be7 Re8 50. Kg6) 49... d3 50. Rd4 d2 {[#]} 51. e6 $2 (51. Rd3 $1 $18) 51... Ra8 $2 {[%mdl 8192]} (51... Rc5+ $11 52. Kg4 Rc6) 52. Be5 Kf8 53. Bf6 (53. h5 $142 {Strongly threatening h6.} Kg8 54. Rd7) 53... Ke8 (53... Re8 $18 54. Be5 Rc6 55. Bd6+ (55. Rxd2 Rexe6 56. h5 Rb6 $16) 55... Kg7 56. Rxd2 Rb6 57. Rg2+ Kh6) 54. Kg6 Rc4 55. Rxd2 Rxf4 56. Bg5 $2 (56. Rd7 Rg4+ 57. Bg5) 56... Re4 57. Rd6 $2 ({White must play} 57. Kf5 $18 Re1 58. Rd6) 57... Re1 $2 {[%mdl 8192]} (57... Kf8 $14) 58. h5 {[%cal Bh4h5,Bh5h6][%mdl 32] White mates.} Re5 59. Bf6 Re1 60. h6 Rg1+ 61. Bg5 Rxg5+ 62. Kxg5 Ke7 63. Rb6 Ra1 64. Rb4 Ra5+ 65. Kg6 {Precision: White = 32%, Black = 38%.} 1-0

[Event "79th Noteboom 2019"]
[Site "Leiden"]
[Date "2019.02.24"]
[Round "6.1"]
[White "Schoppen, Casper"]
[Black "Nikolic, Predrag"]
[Result "1/2-1/2"]
[WhiteElo "2463"]
[BlackElo "2573"]
[Annotator "TA"]
[PlyCount "40"]
[EventDate "2019.02.22"]
[EventType "swiss"]
[EventCountry "NED"]
[SourceTitle "playchess.com"]
[Source "ChessBase"]
[SourceQuality "1"]

{[%evp 13,40,0,-7,-3,-4,0,0,-8,-6,-17,-18,-18,-18,-22,-11,-16,-9,-19,-14,-14,-8,-20,0,-12,-4,-13,-13,-25,-35]} 1. c4 e5 2. Nc3 Nc6 3. Nf3 Nf6 4. e3 Be7 5. d4 exd4 6. Nxd4 O-O 7. Be2 Bb4 {LiveBook: 26 Games} 8. Qc2 {A28: English Opening: Four Knights Variation} (8. O-O Bxc3 9. bxc3 d6 10. Nxc6 bxc6 11. Bf3 Bd7 12. c5 d5 13. c4 Rb8 14. cxd5 cxd5 15. Qd4 Re8 {1-0 (42) Rakhmanov,A (2635)-Anton Guijarro,D (2646) Havana 2018 CBM 185 [Golubev,M]}) 8... Nxd4 9. exd4 d5 10. c5 {The position is equal.} b6 11. cxb6 $146 ({Predecessor:} 11. a3 Bxc3+ 12. Qxc3 Ne4 13. Qb4 a5 14. Qb5 Ba6 15. Qc6 Bxe2 16. Kxe2 {½-½ (36) Cardoso Contreras,S-Megier,W corr 1992}) 11... axb6 12. O-O Re8 13. Bg5 Bxc3 14. bxc3 Qd6 15. Rfe1 Ne4 16. Bd3 Bf5 17. Be3 {[#] f3 is the strong threat.} Bg6 18. c4 dxc4 19. Qxc4 Nf6 20. Bxg6 hxg6 {Precision: White = 23%, Black = 100%.} 1/2-1/2

[Event "79th Noteboom 2019"]
[Site "Leiden"]
[Date "2019.02.24"]
[Round "6.2"]
[White "Elgersma, Simon"]
[Black "Van der Werf, Mark"]
[Result "1-0"]
[WhiteElo "2148"]
[BlackElo "2412"]
[Annotator "TA"]
[PlyCount "127"]
[EventDate "2019.02.22"]
[EventType "swiss"]
[EventCountry "NED"]
[SourceTitle "playchess.com"]
[Source "ChessBase"]
[SourceQuality "1"]

{[%evp 10,127,35,37,54,34,44,45,78,72,69,95,124,109,98,108,144,148,145,145,158,150,197,135,161,131,139,137,117,119,129,114,206,195,212,156,123,81,209,222,237,237,243,241,227,156,187,86,195,100,321,312,519,537,532,535,491,420,406,385,391,395,344,110,487,481,429,429,539,430,470,470,470,470,549,549,543,542,520,519,518,504,475,409,516,512,599,599,662,650,666,551,689,650,1164,1145,1133,1133,1066,945,932,907,859,831,12851,11745,29980,29981,29979,29982,29979,29983,29983,29984,29984,29985,29985,29986,29986,29986]} 1. e4 d6 2. d4 Nf6 3. Nc3 g6 4. Nf3 Bg7 5. Be3 O-O 6. Qd2 b6 {B08: Pirc Defence: Classical System} (6... Nc6 7. d5 Nb4 8. a3 Na6 9. Bxa6 bxa6 10. Bh6 c6 11. Bxg7 Kxg7 12. O-O Qb6 13. Rab1 cxd5 14. exd5 {0-1 (31) Giri,A (2782)-Aronian,L (2767) chess.com INT 2018}) 7. O-O-O Bb7 8. Bd3 c5 {White is slightly better.} 9. Bh6 $1 cxd4 10. Nxd4 Nc6 $146 ({Predecessor:} 10... Bxh6 11. Qxh6 Nbd7 12. h4 Ng4 13. Qf4 Ndf6 14. f3 Nf2 15. g4 e5 16. Qe3 Nxd1 17. Kxd1 d5 18. Nde2 d4 {0-1 (18) Williams,A-Schoor,H CServe email 1994}) 11. Nxc6 $1 Bxc6 12. h4 e6 {[#]} 13. h5 $1 {[%mdl 512]} Qe7 (13... Nxh5 14. Bxg7) 14. f3 Rfd8 15. g4 ({Don't do} 15. Bxg7 Kxg7 16. hxg6 fxg6 $16) 15... Bh8 16. Qg5 ({White should play} 16. Bg5 $18) 16... Rd7 $16 17. Qh4 Ne8 18. hxg6 fxg6 19. Bg5 $40 {[%mdl 128] Black is in trouble.} Bf6 20. Bxf6 Qxf6 (20... Nxf6 $16 21. Kb1 Rf8) 21. g5 $1 $18 {[%cal Rg5f6]} Qxf3 22. Rh3 Qf7 23. Bc4 b5 (23... Nc7 $16) 24. Rf1 ({Less strong is} 24. Nxb5 d5 $14) ({Weaker is} 24. Bxb5 Bxb5 25. Nxb5 Rb8 $11) 24... bxc4 25. Rxf7 Rxf7 26. e5 d5 27. Ne2 Nc7 28. Nf4 (28. Qd4 $1 $18) 28... Be8 {[#]} (28... d4 $16 {was necessary.}) 29. Kd2 (29. Ng2 $1 $18) 29... Rd8 $2 {[#]} (29... d4 $16) 30. Nxg6 $1 {[%mdl 512]} d4 $2 (30... Rg7 {might work better.}) (30... hxg6 31. Qh8#) 31. Nf4 c3+ 32. bxc3 dxc3+ 33. Ke1 Rd4 34. g6 {[%cal Rg6h7]} Re4+ 35. Kd1 {[%cal Rg6h7]} Rd7+ {[#]} 36. Rd3 $2 (36. Kc1 $1 $18 {[%cal Rg6h7] is the precise move to win.} Bxg6 37. Rxc3) 36... hxg6 $2 {[%mdl 8192]} (36... Nd5 $16 {is tougher.} 37. Qh5 hxg6 38. Nxg6 Ne3+ 39. Kc1 Rh7 40. Ne7+ {[%mdl 64] Discovered Attack} Rxe7) 37. Rxd7 Bxd7 38. Qf6 Rd4+ 39. Ke2 Be8 40. Nxe6 Nxe6 41. Qxe6+ {[%mdl 4160] Endgame Double Attack. KQ-KRB} Bf7 42. Qc8+ Kg7 43. Qxc3 Rc4 44. Qb2 {aiming for e6+.} Be6 45. Kd3 Rc7 46. c3 Rd7+ 47. Ke3 Rc7 48. a4 {[%cal Ba2a4,Ba4a5,Ba5a6][%mdl 32]} g5 49. Qb4 Kf7 50. a5 g4 51. a6 g3 {[#]} 52. Qb7 $1 {[%mdl 512]} Rd7 (52... Rxb7 53. axb7) 53. Qf3+ {[%mdl 64] Double Attack} Ke8 54. Qxg3 Rc7 55. Kd4 Rc4+ 56. Kd3 Rg4 57. Qf3 Ra4 58. Qa8+ {[%mdl 64] Double Attack. White mates.} Kf7 59. Qxa7+ Kg6 60. Qb6 Kf5 61. a7 Bd5 62. Qb5 Be4+ 63. Ke3 Rxa7 64. e6+ {[%mdl 64] Decoy. Accuracy: White = 69%, Black = 34%.} 1-0

[Event "79th Noteboom 2019"]
[Site "Leiden"]
[Date "2019.02.24"]
[Round "6.3"]
[White "Van Wely, Loek"]
[Black "Slingerland, Fred"]
[Result "1-0"]
[WhiteElo "2622"]
[BlackElo "2355"]
[Annotator "TA"]
[PlyCount "117"]
[EventDate "2019.02.22"]
[EventType "swiss"]
[EventCountry "NED"]
[SourceTitle "playchess.com"]
[Source "ChessBase"]
[SourceQuality "1"]

{[%evp 19,117,31,50,48,56,50,58,51,52,26,50,35,35,35,39,37,21,17,14,22,19,1,10,8,0,0,72,72,76,64,54,64,78,48,86,96,152,142,228,246,239,178,259,258,258,261,243,214,214,214,210,229,217,174,167,162,171,167,167,143,145,151,147,151,455,379,416,376,506,428,496,415,650,621,997,964,952,915,1227,1227,1119,1016,1227,1137,29953,29955,6538,5616,29969,29970,29969,29970,29951,5893,29965,29967,29990,29977,29977,29977]} 1. c4 c5 2. Nf3 Nf6 3. Nc3 Nc6 4. g3 g6 5. Bg2 Bg7 6. d4 cxd4 7. Nxd4 Nxd4 8. Qxd4 d6 9. O-O O-O 10. Qd3 Qc7 11. Bd2 {A39: Symmetrical English vs ...g6: 4 Bg2 Bg7 5 Nf3 Nf6 6 0-0 0-0 7 d4} (11. Bf4 Be6 12. b3 Nd7 13. Qe3 Qa5 14. Rac1 Rab8 15. Bh6 Bxh6 16. Qxh6 Nf6 17. Rfd1 Rfc8 18. Rd4 Rc5 {½-½ (70) Dizdar,G (2520)-Weiss,C (2409) Austria 2014}) 11... Bd7 12. Rac1 Rac8 $146 ({Predecessor:} 12... Bc6 13. e4 Rfc8 14. Qe2 b6 15. Nd5 Bxd5 16. exd5 Qd7 17. Rfe1 Rc7 18. b3 Rac8 {½-½ (46) Juergens,K (2102)-Kuecher,W (2123) Austria 2017}) 13. b3 {White is slightly better.} Rfe8 14. h3 Bc6 15. e4 Qb8 16. Bg5 a6 17. Rfe1 h6 18. Be3 b5 19. cxb5 axb5 20. e5 (20. Nd5 {keeps more tension.} Nxd5 21. exd5 Bd7 22. Rxc8 Qxc8 23. g4) 20... Nd7 21. Bxc6 Nxe5 {[%mdl 64] [#] Double Attack} 22. Qxb5 Nxc6 (22... Rxc6 $11 {keeps the balance.} 23. Qxb8 Rxb8) 23. Qxb8 $16 Rxb8 24. Nd5 $36 {[%mdl 2048] White has some pressure.} Nb4 25. Nxb4 Rxb4 26. Rc7 e6 27. Rec1 Rbb8 (27... h5 $142) 28. Rd7 Red8 (28... d5 $16 {was necessary.}) 29. Rxd8+ $18 Rxd8 {[%mdl 4096] Endgame KRB-KRB} 30. a4 {[%cal Ba2a4,Ba4a5,Ba5a6,Ba6a7][%mdl 32]} Rb8 (30... Ra8 $142 31. Bd2 Kf8) 31. a5 d5 {intending ...d4.} 32. Bb6 (32. a6 $6 d4 $16) 32... Bf8 33. Ra1 Bd6 34. a6 Kf8 35. a7 Ra8 36. Rc1 Ke7 37. f4 h5 38. Rc2 Kd7 39. Kg2 f6 40. Kf3 e5 41. Ke3 Bb8 $2 (41... Ke7 $16 {is a better chance.} 42. h4 Ke6) 42. fxe5 ({Not} 42. axb8=B d4+ 43. Ke4 Rxb8 $18) (42. axb8=R exf4+ 43. Kxf4 Rxb8 $18) 42... fxe5 43. b4 {[%cal Bb3b4,Bb4b5][%mdl 32]} ({But not} 43. axb8=B d4+ 44. Ke4 Rxb8 $18) ({Don't take} 43. axb8=Q d4+ 44. Ke4 Rxb8 $18) 43... Rxa7 44. Bxa7 Bxa7+ {KR-KB} 45. Kd2 Kd6 (45... e4 $142 46. b5 g5) 46. Rc8 Bf2 47. b5 Kd7 48. Rg8 Bxg3 49. Rxg6 Bf4+ 50. Kd3 Kc7 51. Rc6+ Kb7 52. Rc5 d4 53. Rc6 h4 54. Re6 Kc7 55. Kc4 Kd7 56. Rg6 (56. Rf6 $142 Ke7 57. Rg6 e4 58. Kxd4 e3 59. Kd3 Kd8 60. Rg4 Bg3 {[#]} 61. Rxg3 $1 {[%mdl 512]} hxg3 62. Kxe3) 56... Be3 57. Rg7+ {White mates.} Kc8 58. Kd5 d3 59. Kc6 {Accuracy: White = 79%, Black = 48%.} 1-0

[Event "79th Noteboom 2019"]
[Site "Leiden"]
[Date "2019.02.24"]
[Round "6.4"]
[White "Van Vliet, Jeffrey"]
[Black "Bekker, Stefan"]
[Result "1-0"]
[WhiteElo "2379"]
[BlackElo "2257"]
[Annotator "TA"]
[PlyCount "45"]
[EventDate "2019.02.22"]
[EventType "swiss"]
[EventCountry "NED"]
[SourceTitle "playchess.com"]
[Source "ChessBase"]
[SourceQuality "1"]

{[%evp 17,45,88,70,19,11,21,13,0,0,0,32,37,17,26,28,31,118,36,95,85,279,273,247,259,811,801,29990,29991,29998,29999]} 1. e4 c5 2. Nf3 d6 3. c3 Nf6 4. Be2 Bg4 5. h3 (5. O-O e6 6. h3 Bh5 7. d4 Nxe4 8. d5 Nd7 9. dxe6 fxe6 10. Nfd2 Bxe2 11. Qxe2 Nxd2 12. Nxd2 Qf6 13. Ne4 Qg6 {½-½ (111) Nisipeanu,L (2679)-Adhiban,B (2653) Wijk aan Zee 2016}) 5... Bh5 6. O-O {B50: Sicilian: 2...d6, Miscellaneous} Nc6 7. d4 cxd4 8. cxd4 d5 9. e5 Ne4 {LiveBook: 9 Games} 10. Qb3 $146 (10. e6 $14) ({Predecessor:} 10. Be3 e6 11. Nbd2 Nxd2 12. Nxd2 Bxe2 13. Qxe2 {½-½ (75) Vltavsky,V (2213)-Oresky,J (2191) Czechia 2014}) 10... Qd7 $1 $11 11. e6 Qxe6 12. Ng5 Nxg5 13. Bxh5 g6 14. Bg4 f5 15. Bxg5 fxg4 16. Nc3 $1 $36 {[%cal Rc3d5][%mdl 2048] White is more active.} (16. Qxb7 Rb8 $17) 16... O-O-O {[#]} (16... Qd7 $14) 17. Rac1 ({White should play} 17. Na4 $1 $16 {[%cal Ra4c5] Nc5 is the strong threat.} Qd6 18. Rfe1 (18. hxg4 Bg7 $11)) 17... Qf5 ({Black should try} 17... gxh3 $14 18. Nb5 Qg4) 18. Bh4 $16 Bh6 $2 {[#]} (18... Kb8 $16) 19. Nb5 $1 $18 Bxc1 20. Rxc1 {Strongly threatening Nxa7+.} Kd7 $2 {[#]} (20... a6) 21. Nd6 $1 {[%mdl 512]} Na5 (21... Kxd6 22. Qxb7) 22. Qb5+ Kxd6 23. Qc5+ {Precision: White = 64%, Black = 13%.} 1-0